Statistiques concernant Paroles - Quand nous sommes tous ensemble - Reine des Neiges

Cliquez ici pour prendre le quiz!

Statistiques générales

  • Ce quiz a été pris 14 fois
  • Le résultat moyen est 170 sur 235

Statistiques - réponses

HintRéponse% Correct
l'
100%
a
86%
à
86%
ai
86%
au
86%
beau
86%
c'
86%
Elsa | Ensemble | OlafC'
86%
d'
86%
de
86%
du
86%
en
86%
ensemble
86%
es
86%
est
86%
et
86%
Et
86%
il
86%
J'
86%
86%
La
86%
la
86%
le
86%
EnsembleLe
86%
les
86%
ma
86%
AnnaMais
86%
n'
86%
AnnaNous
86%
nous
86%
pas
86%
plus
86%
Anna | Elsa | EnsembleQuand
86%
qui
86%
s'
86%
se
86%
Si
86%
sommes
86%
te
86%
tous
86%
tout
86%
un
86%
une
86%
y
86%
bien
71%
deux
71%
| Anna | ElsaJe
71%
TousJour
71%
jour
71%
longtemps
71%
me
71%
ne
71%
trois
71%
vie
71%
avec
57%
brillant
57%
cadeau
57%
cadeaux
57%
chose
57%
dans
57%
défaire
57%
échange
57%
espoir
57%
famille
57%
fut
57%
grand
57%
joie
57%
liste
57%
Mon
57%
noeud
57%
offert
57%
ouvrir
57%
peu
57%
pour
57%
ElsaPour
57%
présents
57%
rêvé
57%
rêves
57%
sapin
57%
toi
57%
triste
57%
Tu
57%
AnnaAutour
43%
bout
43%
côtoient
43%
irai
43%
jusqu'
43%
moi
43%
nuit
43%
sais
43%
Terre
43%
année
29%
berger
29%
chez
29%
désert
29%
endroit
29%
enfin
29%
étoile
29%
importe
29%
même
29%
Même
29%
Noël
29%
place
29%
retrouver
29%
sens
29%
soirs
29%
suivant
29%
bonheur
14%
esprit
14%
l'esprit
14%
noire
14%
rassemble
14%
tant
14%

Distribution des résultats

Percentile par nombre de réponses

% des personnes avec chaque résultat

Votre développement - résultats

Vous n’avez pas pris ce quiz